[Event "Tournoi International du Pays de Charleroi 2018"]
[Site "Roux, Belgium"]
[Date "2018.08.03"]
[Round "8.21"]
[White "Mitran Anthony, Cristian"]
[Black "Maerevoet, Sim"]
[Result "0-1"]
[WhiteElo "2096"]
[BlackElo "2115"]

1. Nf3 {[%clk 01:30:53]} {[%emt 00:00:06]} d5 {[%clk 01:29:50]} {[%emt
00:01:10]} 2. e3 {[%clk 01:31:13]} {[%emt 00:00:10]} Nf6 {[%clk 01:29:58]}
{[%emt 00:00:21]} 3. c4 {[%clk 01:31:32]} {[%emt 00:00:11]} c6 {[%clk
01:30:22]} {[%emt 00:00:07]} 4. b3 {[%clk 01:31:44]} {[%emt 00:00:18]} Bf5
{[%clk 01:29:44]} {[%emt 00:01:08]} 5. Bb2 {[%clk 01:32:03]} {[%emt 00:00:11]}
e6 {[%clk 01:29:28]} {[%emt 00:00:46]} 6. Be2 {[%clk 01:27:26]} {[%emt
00:05:06]} Nbd7 {[%clk 01:28:34]} {[%emt 00:01:25]} 7. O-O {[%clk 01:27:37]}
{[%emt 00:00:19]} Bd6 {[%clk 01:28:31]} {[%emt 00:00:33]} 8. d4 {[%clk
01:27:58]} {[%emt 00:00:09]} Qb8 {[%clk 01:25:37]} {[%emt 00:03:24]} 9. cxd5
{[%clk 01:26:54]} {[%emt 00:01:35]} exd5 {[%clk 01:24:56]} {[%emt 00:01:10]} 10.
Nc3 {[%clk 01:21:00]} {[%emt 00:06:24]} O-O {[%clk 01:24:35]} {[%emt 00:00:51]}
11. h3 {[%clk 01:21:14]} {[%emt 00:00:15]} h6 {[%clk 01:16:25]} {[%emt
00:08:40]} 12. Bd3 {[%clk 01:20:23]} {[%emt 00:01:22]} Bxd3 {[%clk 01:14:18]}
{[%emt 00:02:37]} 13. Qxd3 {[%clk 01:20:39]} {[%emt 00:00:14]} Re8 {[%clk
01:14:39]} {[%emt 00:00:08]} 14. Nd2 {[%clk 01:18:56]} {[%emt 00:02:14]} Bb4
{[%clk 01:09:14]} {[%emt 00:11:53]} 15. a3 {[%clk 01:18:14]} Bxc3 16. Bxc3
{[%clk 01:17:56]} Ne4 {[%clk 01:07:56]} 17. a4 {[%clk 01:13:46]} {[%emt
00:03:01]} Qd6 {[%clk 00:53:12]} {[%emt 00:15:14]} 18. Nxe4 {[%clk 01:10:22]}
{[%emt 00:03:54]} dxe4 {[%clk 00:52:39]} {[%emt 00:01:03]} 19. Qd2 {[%clk
01:09:31]} {[%emt 00:01:20]} Nf6 {[%clk 00:50:10]} {[%emt 00:02:59]} 20. b4
{[%clk 01:07:43]} {[%emt 00:02:18]} a6 {[%clk 00:47:02]} {[%emt 00:03:39]} 21.
b5 {[%clk 00:52:02]} {[%emt 00:16:11]} axb5 {[%clk 00:40:45]} {[%emt 00:06:46]}
22. axb5 {[%clk 00:52:29]} {[%emt 00:00:04]} Rxa1 {[%clk 00:40:24]} {[%emt
00:00:50]} 23. Rxa1 {[%clk 00:52:47]} {[%emt 00:00:12]} cxb5 {[%clk 00:40:34]}
{[%emt 00:00:20]} 24. Qb2 {[%clk 00:45:47]} {[%emt 00:07:30]} Qc6 {[%clk
00:36:10]} {[%emt 00:04:55]} 25. Rb1 {[%clk 00:34:20]} {[%emt 00:11:56]} Nd5
{[%clk 00:35:48]} {[%emt 00:00:53]} 26. Bd2 {[%clk 00:33:56]} {[%emt 00:00:53]}
b6 {[%clk 00:34:46]} {[%emt 00:01:33]} 27. Qxb5 {[%clk 00:33:23]} {[%emt
00:01:03]} Qxb5 {[%clk 00:34:13]} {[%emt 00:01:03]} 28. Rxb5 {[%clk 00:33:51]}
{[%emt 00:00:02]} Rd8 {[%clk 00:34:35]} {[%emt 00:00:07]} 29. f3 {[%clk
00:31:30]} {[%emt 00:02:52]} f5 {[%clk 00:34:30]} {[%emt 00:00:35]} 30. g4
{[%clk 00:29:49]} {[%emt 00:02:10]} g6 {[%clk 00:33:42]} {[%emt 00:01:16]} 31.
Kf2 {[%clk 00:27:55]} {[%emt 00:02:25]} Kf7 {[%clk 00:32:39]} {[%emt 00:01:34]}
32. gxf5 {[%clk 00:27:35]} {[%emt 00:00:50]} gxf5 {[%clk 00:33:00]} {[%emt
00:00:09]} 33. Rb1 {[%clk 00:23:11]} {[%emt 00:04:53]} Rc8 {[%clk 00:24:27]}
{[%emt 00:09:05]} 34. fxe4 {[%clk 00:23:12]} {[%emt 00:00:28]} fxe4 {[%clk
00:24:46]} {[%emt 00:00:11]} 35. Ra1 {[%clk 00:23:05]} {[%emt 00:00:36]} Ke6
{[%clk 00:17:04]} {[%emt 00:08:13]} 36. Ke2 {[%clk 00:20:59]} {[%emt 00:02:36]}
Rg8 {[%clk 00:17:00]} {[%emt 00:00:34]} 37. Be1 {[%clk 00:16:27]} {[%emt
00:05:02]} Rg2+ {[%clk 00:11:07]} {[%emt 00:06:23]} 38. Bf2 {[%clk 00:16:42]}
{[%emt 00:00:14]} Nc3+ {[%clk 00:10:07]} {[%emt 00:01:31]} 39. Kf1 {[%clk
00:16:59]} {[%emt 00:00:13]} Rh2 {[%clk 00:06:52]} {[%emt 00:03:45]} 40. Ra6
{[%clk 00:15:48]} {[%emt 00:01:42]} Nd5 {[%clk 00:03:36]} {[%emt 00:03:44]} 41.
h4 {[%clk 00:15:09]} {[%emt 00:01:10]} Rh1+ {[%clk 00:22:56]} {[%emt 00:11:10]}
42. Ke2 {[%clk 00:44:28]} {[%emt 00:01:10]} Rb1 {[%clk 00:22:53]} {[%emt
00:00:34]} 43. Be1 {[%clk 00:42:29]} {[%emt 00:02:29]} Rb2+ {[%clk 00:20:49]}
{[%emt 00:02:34]} 44. Bd2 {[%clk 00:42:53]} {[%emt 00:00:04]} Kf5 {[%clk
00:19:16]} {[%emt 00:02:05]} 45. Ra8 {[%clk 00:42:11]} {[%emt 00:01:13]} Kg4
{[%clk 00:16:48]} {[%emt 00:02:58]} 46. Kd1 {[%clk 00:40:31]} {[%emt 00:02:04]}
Kxh4 {[%clk 00:16:21]} {[%emt 00:01:02]} 47. Re8 {[%clk 00:39:44]} {[%emt
00:01:16]} Nf6 {[%clk 00:16:01]} {[%emt 00:00:50]} 48. Re5 {[%clk 00:33:50]}
{[%emt 00:06:24]} Kg4 {[%clk 00:13:44]} {[%emt 00:02:48]} 49. Kc1 {[%clk
00:33:31]} {[%emt 00:00:49]} Rb3 {[%clk 00:12:56]} {[%emt 00:01:19]} 50. Kc2
{[%clk 00:33:39]} {[%emt 00:00:22]} Rd3 {[%clk 00:12:23]} {[%emt 00:01:02]} 51.
Re6 {[%clk 00:29:23]} {[%emt 00:04:46]} Kf5 {[%clk 00:12:34]} {[%emt 00:00:19]}
52. Rxb6 {[%clk 00:28:27]} {[%emt 00:01:26]} h5 {[%clk 00:12:38]} {[%emt
00:00:25]} 53. Rb1 {[%clk 00:27:33]} {[%emt 00:01:25]} h4 {[%clk 00:12:07]}
{[%emt 00:01:01]} 54. Rf1+ {[%clk 00:16:21]} {[%emt 00:11:42]} Kg5 {[%clk
00:11:59]} {[%emt 00:00:37]} 55. Be1 {[%clk 00:14:07]} {[%emt 00:02:45]} Ng4
{[%clk 00:11:19]} {[%emt 00:01:10]} 56. Rh1 {[%clk 00:12:00]} {[%emt 00:02:37]}
Nxe3+ {[%clk 00:11:19]} {[%emt 00:00:29]} 57. Kc1 {[%clk 00:11:09]} {[%emt
00:01:22]} Nf5 {[%clk 00:11:03]} {[%emt 00:00:46]} 58. Bxh4+ {[%clk 00:06:15]}
{[%emt 00:05:24]} Nxh4 {[%clk 00:11:22]} {[%emt 00:00:10]} 59. Re1 {[%clk
00:06:37]} {[%emt 00:00:09]} Kf4 {[%clk 00:11:34]} {[%emt 00:00:18]} 60. Kc2
{[%clk 00:07:01]} {[%emt 00:00:06]} Rxd4 {[%clk 00:11:53]} {[%emt 00:00:11]} 61.
Kc3 {[%emt 00:01:06]} Ke5 {[%emt 00:00:05]} 0-1

[Event "Tournoi International du Pays de Charleroi 2018"]
[Site "Roux, Belgium"]
[Date "2018.08.03"]
[Round "8.8"]
[White "Decrop, Benjamin"]
[Black "Vesin, Jean-Robert"]
[Result "0-1"]
[BlackTitle "FM"]
[WhiteElo "2207"]
[BlackElo "2215"]

1. d4 {[%clk 01:03:46]} {[%emt 00:27:13]} c5 {[%clk 01:30:25]} {[%emt
00:00:36]} 2. d5 {[%clk 01:04:12]} {[%emt 00:00:04]} g6 {[%clk 01:30:49]}
{[%emt 00:00:06]} 3. c4 {[%clk 01:04:35]} {[%emt 00:00:07]} Bg7 {[%clk
01:31:13]} {[%emt 00:00:06]} 4. Nc3 {[%clk 01:05:00]} {[%emt 00:00:05]} Bxc3+
{[%clk 01:30:47]} {[%emt 00:00:55]} 5. bxc3 {[%clk 01:05:26]} {[%emt 00:00:04]}
f5 {[%clk 01:31:11]} {[%emt 00:00:07]} 6. e4 {[%clk 01:05:53]} {[%emt
00:00:03]} fxe4 {[%clk 01:31:23]} {[%emt 00:00:17]} 7. f3 {[%clk 01:06:20]}
{[%emt 00:00:04]} e5 {[%clk 01:31:47]} {[%emt 00:00:06]} 8. Nh3 {[%clk
01:06:47]} {[%emt 00:00:04]} d6 {[%clk 01:29:11]} {[%emt 00:03:05]} 9. Nf2
{[%clk 01:06:28]} {[%emt 00:00:49]} Nf6 {[%clk 01:22:12]} {[%emt 00:07:29]} 10.
fxe4 {[%clk 01:06:17]} {[%emt 00:00:41]} h6 {[%clk 01:21:14]} {[%emt 00:10:43]}
11. Be2 {[%clk 01:03:25]} Qe7 {[%clk 01:21:03]} 12. Be3 {[%clk 01:02:38]} Nbd7
{[%clk 01:15:02]} {[%emt 00:02:42]} 13. O-O {[%clk 01:02:17]} {[%emt 00:00:44]}
Qg7 {[%clk 01:13:43]} {[%emt 00:01:50]} 14. a4 {[%clk 00:47:02]} {[%emt
00:15:45]} O-O {[%clk 01:12:57]} {[%emt 00:01:15]} 15. a5 {[%clk 00:46:24]}
{[%emt 00:01:09]} Kh7 {[%clk 01:10:03]} {[%emt 00:03:23]} 16. g3 {[%clk
00:41:37]} {[%emt 00:05:17]} Ng8 {[%clk 01:09:51]} {[%emt 00:00:43]} 17. Qd2
{[%clk 00:41:00]} {[%emt 00:01:07]} Ndf6 {[%clk 01:09:52]} {[%emt 00:00:29]} 18.
Kg2 {[%clk 00:34:50]} {[%emt 00:06:40]} Bd7 {[%clk 00:58:20]} {[%emt 00:12:01]}
19. Rfb1 {[%clk 00:25:07]} {[%emt 00:10:14]} Rab8 {[%clk 00:57:21]} {[%emt
00:01:29]} 20. Rb2 {[%clk 00:25:32]} {[%emt 00:00:05]} g5 {[%clk 00:53:47]}
{[%emt 00:04:03]} 21. h3 {[%clk 00:16:42]} {[%emt 00:09:20]} Be8 {[%clk
00:51:05]} {[%emt 00:03:13]} 22. Bg4 {[%clk 00:15:09]} {[%emt 00:02:02]} Nxg4
{[%clk 00:49:54]} {[%emt 00:01:41]} 23. hxg4 {[%clk 00:14:51]} {[%emt
00:00:48]} Qf6 {[%clk 00:45:34]} {[%emt 00:04:51]} 24. Qe2 {[%clk 00:11:17]}
{[%emt 00:04:04]} Bg6 {[%clk 00:45:46]} {[%emt 00:00:18]} 25. Kh2 {[%clk
00:05:46]} {[%emt 00:06:01]} Rf7 {[%clk 00:42:38]} {[%emt 00:03:38]} 26. Nh3
{[%clk 00:05:45]} {[%emt 00:00:31]} Bxe4 {[%clk 00:39:15]} {[%emt 00:03:52]} 27.
Bxc5 {[%clk 00:05:11]} {[%emt 00:01:04]} Bf3 {[%clk 00:39:19]} {[%emt
00:00:27]} 28. Qc2 {[%clk 00:05:18]} {[%emt 00:00:23]} Kg7 {[%clk 00:38:18]}
{[%emt 00:01:30]} 29. Bxa7 {[%clk 00:05:08]} {[%emt 00:00:41]} Rc8 {[%clk
00:38:12]} {[%emt 00:00:35]} 30. c5 {[%clk 00:03:40]} {[%emt 00:01:58]} Bxd5
{[%clk 00:36:07]} {[%emt 00:02:35]} 31. Rd1 {[%clk 00:03:15]} {[%emt 00:00:56]}
Qf3 {[%clk 00:36:04]} {[%emt 00:00:32]} 32. Qd2 {[%clk 00:01:59]} {[%emt
00:01:47]} Nf6 {[%clk 00:36:20]} {[%emt 00:00:14]} 33. Rb4 {[%clk 00:01:53]}
{[%emt 00:00:36]} dxc5 {[%clk 00:35:48]} {[%emt 00:01:02]} 34. Ra4 {[%clk
00:01:09]} {[%emt 00:01:15]} Bc6 {[%clk 00:35:56]} {[%emt 00:00:21]} 35. Rc4
{[%clk 00:00:40]} {[%emt 00:00:59]} Rd8 {[%clk 00:36:05]} {[%emt 00:00:21]} 0-1

[Event "Tournoi International du Pays de Charleroi 2018"]
[Site "Roux, Belgium"]
[Date "2018.08.03"]
[Round "8.25"]
[White "Roos, David"]
[Black "Kolp, Théo"]
[Result "1-0"]
[WhiteElo "2142"]
[BlackElo "1980"]

1. e4 {[%clk 01:30:59]} c5 {[%clk 01:30:53]} {[%emt 00:00:07]} 2. Nf3 {[%clk
01:31:24]} {[%emt 00:00:05]} e6 {[%clk 01:31:19]} {[%emt 00:00:05]} 3. d4
{[%clk 01:31:50]} {[%emt 00:00:04]} cxd4 {[%clk 01:31:41]} {[%emt 00:00:08]} 4.
Nxd4 {[%clk 01:32:17]} {[%emt 00:00:03]} Nc6 {[%clk 01:31:52]} {[%emt
00:00:19]} 5. Nc3 {[%clk 01:32:42]} {[%emt 00:00:04]} Qc7 {[%clk 01:31:11]}
{[%emt 00:01:11]} 6. Be2 {[%clk 01:33:07]} {[%emt 00:00:05]} a6 {[%clk
01:31:14]} {[%emt 00:00:28]} 7. Be3 {[%clk 01:33:32]} {[%emt 00:00:05]} Nf6
{[%clk 01:27:02]} {[%emt 00:04:42]} 8. a3 {[%clk 01:33:38]} {[%emt 00:00:25]}
Be7 {[%clk 01:23:53]} {[%emt 00:03:38]} 9. f4 {[%clk 01:32:37]} {[%emt
00:01:32]} d6 {[%clk 01:21:50]} {[%emt 00:02:32]} 10. g4 {[%clk 01:32:33]}
{[%emt 00:00:33]} e5 {[%clk 01:09:40]} {[%emt 00:12:40]} 11. Nf5 {[%clk
01:27:27]} {[%emt 00:05:36]} Bxf5 {[%clk 01:03:44]} {[%emt 00:06:27]} 12. gxf5
{[%clk 01:12:54]} {[%emt 00:15:03]} Rd8 {[%clk 00:56:50]} {[%emt 00:07:23]} 13.
Qd2 {[%clk 01:06:25]} {[%emt 00:06:59]} b5 {[%clk 00:51:03]} {[%emt 00:06:17]}
14. Rg1 {[%clk 01:03:54]} {[%emt 00:03:01]} Rg8 {[%clk 00:49:37]} {[%emt
00:01:55]} 15. a4 {[%clk 00:59:05]} {[%emt 00:05:21]} b4 {[%clk 00:48:29]}
{[%emt 00:01:37]} 16. Nd5 {[%clk 00:56:44]} {[%emt 00:02:52]} Nxd5 {[%clk
00:48:12]} {[%emt 00:00:45]} 17. Qxd5 {[%clk 00:57:12]} {[%emt 00:00:03]} Bh4+
{[%clk 00:47:52]} {[%emt 00:00:49]} 18. Kf1 {[%clk 00:55:24]} {[%emt 00:02:19]}
Ne7 {[%clk 00:47:01]} {[%emt 00:01:22]} 19. Qb3 {[%clk 00:54:33]} {[%emt
00:01:20]} Qb7 {[%clk 00:44:30]} {[%emt 00:03:01]} 20. Rg4 {[%clk 00:37:15]}
{[%emt 00:17:48]} Bf6 {[%clk 00:41:56]} {[%emt 00:03:05]} 21. fxe5 {[%emt
00:04:56]} Bxe5 {[%clk 00:37:05]} {[%emt 00:00:46]} 22. Bc4 {[%clk 00:36:47]}
{[%emt 00:01:06]} Rf8 {[%clk 00:30:33]} {[%emt 00:07:02]} 23. a5 {[%clk
00:31:37]} {[%emt 00:05:40]} Nxf5 {[%clk 00:30:06]} {[%emt 00:00:57]} 24. Bb6
{[%clk 00:31:50]} {[%emt 00:00:17]} Nh6 {[%clk 00:25:58]} {[%emt 00:04:38]} 25.
Bd5 {[%clk 00:31:54]} {[%emt 00:00:27]} Qd7 {[%clk 00:24:44]} {[%emt 00:01:43]}
26. Rg2 {[%clk 00:30:17]} {[%emt 00:02:06]} Rc8 {[%clk 00:22:10]} {[%emt
00:03:05]} 27. Kg1 {[%clk 00:27:27]} {[%emt 00:03:20]} Ng4 {[%clk 00:19:31]}
{[%emt 00:03:09]} 28. Qa4 {[%clk 00:19:47]} {[%emt 00:08:10]} Nxh2 {[%clk
00:15:49]} {[%emt 00:04:12]} 29. Bb7 {[%clk 00:17:57]} {[%emt 00:02:21]} Nf3+
{[%clk 00:12:38]} {[%emt 00:03:41]} 30. Kf2 {[%clk 00:14:26]} {[%emt 00:03:59]}
Rb8 {[%clk 00:11:57]} {[%emt 00:01:12]} 31. Bc6 {[%clk 00:14:23]} {[%emt
00:00:33]} 1-0

[Event "Tournoi International du Pays de Charleroi 2018"]
[Site "Roux, Belgium"]
[Date "2018.08.03"]
[Round "8.26"]
[White "Barbier, Wim"]
[Black "Colin, Peter"]
[Result "0-1"]
[WhiteElo "2117"]
[BlackElo "1918"]

1. c4 {[%clk 01:30:58]} {[%emt 00:00:02]} b6 {[%clk 01:30:30]} {[%emt
00:00:32]} 2. Nc3 {[%clk 01:31:21]} {[%emt 00:00:08]} Bb7 {[%clk 01:30:37]}
{[%emt 00:00:24]} 3. e4 {[%clk 01:31:34]} {[%emt 00:00:19]} c5 {[%clk
01:30:35]} {[%emt 00:00:33]} 4. g3 {[%clk 01:31:36]} {[%emt 00:00:31]} e6
{[%clk 01:26:52]} {[%emt 00:04:33]} 5. Bg2 {[%clk 01:31:28]} {[%emt 00:00:41]}
d6 {[%clk 01:26:46]} {[%emt 00:00:39]} 6. Nge2 {[%clk 01:31:39]} {[%emt
00:00:22]} Nf6 {[%clk 01:25:36]} {[%emt 00:01:49]} 7. O-O {[%clk 01:31:43]}
{[%emt 00:00:28]} a6 {[%clk 01:25:36]} {[%emt 00:00:32]} 8. d3 {[%clk
01:30:44]} {[%emt 00:01:37]} Qc7 {[%clk 01:25:44]} {[%emt 00:00:24]} 9. h3
{[%clk 01:30:04]} {[%emt 00:01:17]} Be7 {[%clk 01:25:52]} {[%emt 00:00:23]} 10.
f4 {[%clk 01:29:44]} {[%emt 00:00:55]} Nc6 {[%clk 01:23:12]} {[%emt 00:03:26]}
11. Be3 {[%clk 01:29:29]} {[%emt 00:00:49]} Nd7 {[%clk 01:21:24]} {[%emt
00:02:29]} 12. Qd2 {[%clk 01:26:46]} {[%emt 00:03:25]} h6 {[%clk 01:21:16]}
{[%emt 00:00:40]} 13. f5 {[%clk 01:23:15]} {[%emt 00:04:17]} O-O-O {[%clk
01:19:14]} {[%emt 00:02:43]} 14. fxe6 {[%clk 01:19:59]} {[%emt 00:04:05]} fxe6
{[%clk 01:19:32]} {[%emt 00:00:12]} 15. Nf4 {[%clk 01:19:38]} {[%emt 00:00:56]}
Nf8 {[%clk 01:19:51]} {[%emt 00:00:11]} 16. Ncd5 {[%clk 01:06:35]} {[%emt
00:16:19]} exd5 {[%clk 01:18:51]} {[%emt 00:00:03]} 17. Nxd5 {[%clk 01:06:53]}
{[%emt 00:00:14]} Qb8 {[%clk 01:18:44]} {[%emt 00:00:40]} 18. Nxb6+ {[%clk
01:07:00]} {[%emt 00:00:26]} Kc7 {[%clk 01:19:04]} {[%emt 00:00:09]} 19. Nd5+
{[%clk 01:07:28]} {[%emt 00:00:03]} Kc8 {[%clk 01:13:41]} {[%emt 00:06:22]} 20.
h4 {[%clk 00:56:46]} {[%emt 00:12:07]} Qa7 {[%clk 01:13:16]} {[%emt 00:01:01]}
21. e5 {[%clk 00:48:45]} {[%emt 00:09:13]} dxe5 {[%clk 01:04:38]} {[%emt
00:09:52]} 22. b4 {[%clk 00:47:31]} {[%emt 00:01:52]} Bd6 {[%clk 01:04:16]}
{[%emt 00:00:55]} 23. Rab1 {[%clk 00:37:12]} {[%emt 00:11:38]} Kb8 {[%clk
00:57:05]} {[%emt 00:08:15]} 24. bxc5 {[%clk 00:33:31]} {[%emt 00:04:24]} Bxc5
{[%clk 00:54:36]} {[%emt 00:03:15]} 25. Rxb7+ {[%clk 00:32:33]} {[%emt
00:01:35]} Kxb7 {[%clk 00:50:18]} {[%emt 00:05:11]} 26. Rb1+ {[%clk 00:32:34]}
{[%emt 00:00:31]} Kc8 {[%clk 00:46:05]} {[%emt 00:05:06]} 27. Nb6+ {[%clk
00:31:19]} {[%emt 00:01:55]} Bxb6 {[%clk 00:46:16]} {[%emt 00:00:20]} 28. Rxb6
{[%clk 00:27:50]} {[%emt 00:04:22]} Nd4 {[%clk 00:45:51]} {[%emt 00:01:00]} 29.
Qa5 {[%clk 00:24:45]} {[%emt 00:03:54]} Nd7 {[%clk 00:40:51]} {[%emt 00:05:54]}
30. Rxa6 {[%clk 00:24:37]} {[%emt 00:00:40]} Qc7 {[%clk 00:40:22]} {[%emt
00:01:03]} 31. Ra8+ {[%clk 00:16:42]} {[%emt 00:09:01]} Nb8 {[%clk 00:39:51]}
{[%emt 00:01:05]} 32. Qa4 {[%clk 00:16:01]} {[%emt 00:01:17]} Rd6 {[%clk
00:31:32]} {[%emt 00:09:37]} 33. c5 {[%clk 00:15:00]} {[%emt 00:01:37]} Rg6
{[%clk 00:31:00]} {[%emt 00:01:05]} 34. Bxd4 {[%clk 00:05:42]} {[%emt
00:10:22]} exd4 {[%clk 00:30:31]} {[%emt 00:01:04]} 35. Bh3+ {[%clk 00:05:53]}
{[%emt 00:00:21]} Kd8 {[%clk 00:29:36]} {[%emt 00:01:31]} 36. Qxd4+ {[%clk
00:05:02]} {[%emt 00:01:31]} Ke7 {[%clk 00:29:24]} {[%emt 00:00:45]} 37. Qe4+
{[%clk 00:03:59]} {[%emt 00:01:44]} Kf7 {[%clk 00:28:33]} {[%emt 00:01:29]} 38.
Bg2 {[%clk 00:02:35]} {[%emt 00:02:08]} Rxg3 {[%clk 00:17:44]} {[%emt
00:12:23]} 39. Qd5+ {[%clk 00:02:21]} {[%emt 00:00:47]} Kf6 {[%clk 00:14:09]}
{[%emt 00:04:27]} 40. Qd4+ {[%clk 00:01:31]} {[%emt 00:01:27]} Qe5 {[%clk
00:13:55]} {[%emt 00:00:49]} 41. Qf2+ {[%clk 00:00:34]} {[%emt 00:01:37]} Kg6
{[%clk 00:11:35]} {[%emt 00:03:04]} 42. d4 {[%clk 00:29:01]} {[%emt 00:02:12]}
Qe3 {[%clk 00:39:59]} {[%emt 00:02:14]} 43. d5 {[%clk 00:24:56]} {[%emt
00:05:03]} Rd8 {[%clk 00:37:32]} {[%emt 00:03:10]} 44. Qxe3 {[%clk 00:24:36]}
{[%emt 00:00:52]} Rxe3 {[%clk 00:37:52]} {[%emt 00:00:10]} 45. c6 {[%clk
00:25:01]} {[%emt 00:00:06]} Rc3 {[%clk 00:35:47]} {[%emt 00:02:46]} 46. Ra7
{[%clk 00:25:03]} {[%emt 00:00:32]} Rd6 {[%clk 00:33:42]} {[%emt 00:02:51]} 47.
Ra8 {[%clk 00:19:11]} {[%emt 00:07:04]} Nxc6 {[%clk 00:32:41]} {[%emt
00:01:42]} 48. dxc6 {[%clk 00:19:32]} {[%emt 00:00:10]} Rd1+ {[%clk 00:32:47]}
{[%emt 00:00:26]} 49. Bf1 {[%clk 00:16:40]} {[%emt 00:03:47]} Rxc6 {[%clk
00:32:35]} {[%emt 00:00:47]} 50. Rf8 {[%clk 00:16:57]} {[%emt 00:00:15]} Rf6
{[%clk 00:32:00]} {[%emt 00:01:10]} 0-1

[Event "Tournoi International du Pays de Charleroi 2018"]
[Site "Roux, Belgium"]
[Date "2018.08.03"]
[Round "8.12"]
[White "Le Quang, Kim"]
[Black "Huynh, Laurent"]
[Result "1-0"]
[WhiteTitle "FM"]
[WhiteElo "2261"]
[BlackElo "2071"]

1. Nf3 {[%clk 01:30:53]} {[%emt 00:00:07]} Nf6 {[%clk 01:30:44]} {[%emt
00:00:16]} 2. c4 {[%clk 01:31:09]} {[%emt 00:00:14]} e6 {[%clk 01:31:07]}
{[%emt 00:00:07]} 3. g3 {[%clk 01:31:09]} {[%emt 00:00:31]} d5 {[%clk
01:31:29]} {[%emt 00:00:08]} 4. Bg2 {[%clk 01:31:08]} {[%emt 00:00:30]} Be7
{[%clk 01:31:39]} {[%emt 00:00:20]} 5. O-O {[%clk 01:31:21]} {[%emt 00:00:18]}
O-O {[%clk 01:31:44]} {[%emt 00:00:24]} 6. b3 {[%clk 01:31:32]} {[%emt
00:00:20]} b6 {[%clk 01:31:49]} {[%emt 00:00:24]} 7. Bb2 {[%clk 01:31:46]}
{[%emt 00:00:16]} Bb7 {[%clk 01:31:55]} {[%emt 00:00:24]} 8. e3 {[%clk
01:31:50]} {[%emt 00:00:26]} Nbd7 {[%clk 01:32:00]} {[%emt 00:00:24]} 9. Nc3
{[%clk 01:31:49]} {[%emt 00:00:32]} c5 {[%clk 01:31:57]} {[%emt 00:00:33]} 10.
Qe2 {[%clk 01:28:08]} {[%emt 00:04:11]} Rc8 {[%clk 01:31:48]} {[%emt 00:00:39]}
11. Rfd1 {[%clk 01:24:28]} {[%emt 00:04:11]} Qc7 {[%clk 01:31:51]} {[%emt
00:00:26]} 12. Rac1 {[%clk 01:20:47]} {[%emt 00:04:12]} Qb8 {[%clk 01:31:18]}
{[%emt 00:01:03]} 13. cxd5 {[%clk 01:11:58]} {[%emt 00:09:18]} exd5 {[%clk
01:29:25]} {[%emt 00:02:24]} 14. d4 {[%clk 01:12:07]} {[%emt 00:00:21]} Rfd8
{[%clk 01:28:42]} {[%emt 00:01:11]} 15. Bh3 {[%clk 01:05:40]} {[%emt 00:06:58]}
c4 {[%clk 01:18:49]} {[%emt 00:14:35]} 16. bxc4 {[%clk 00:57:15]} {[%emt
00:04:44]} Rxc4 {[%clk 01:18:28]} {[%emt 00:00:50]} 17. Nxd5 {[%clk 00:55:19]}
{[%emt 00:02:26]} Bxd5 {[%clk 01:18:31]} {[%emt 00:00:28]} 18. Rxc4 {[%clk
00:55:29]} {[%emt 00:00:19]} Bxc4 {[%clk 01:18:22]} {[%emt 00:00:39]} 19. Qxc4
{[%clk 00:55:48]} {[%emt 00:00:11]} b5 {[%clk 01:18:11]} {[%emt 00:00:41]} 20.
Qb3 {[%clk 00:55:15]} {[%emt 00:01:03]} a5 {[%clk 01:18:24]} {[%emt 00:00:17]}
21. Ne5 {[%clk 00:43:24]} {[%emt 00:12:21]} Nxe5 {[%clk 01:16:03]} {[%emt
00:02:52]} 22. dxe5 {[%clk 00:43:48]} {[%emt 00:00:06]} Ne4 {[%clk 01:15:25]}
{[%emt 00:01:07]} 23. Rxd8+ {[%clk 00:42:36]} {[%emt 00:01:42]} Qxd8 {[%clk
01:15:32]} {[%emt 00:00:24]} 24. Bg2 {[%clk 00:37:03]} {[%emt 00:06:03]} Nc5
{[%clk 01:09:44]} {[%emt 00:06:18]} 25. Qxb5 {[%clk 00:35:03]} {[%emt
00:02:29]} Bf8 {[%clk 01:06:45]} {[%emt 00:03:29]} 26. Bd4 {[%clk 00:30:12]}
{[%emt 00:05:21]} Ne6 {[%clk 01:06:49]} {[%emt 00:00:25]} 27. Qc4 {[%clk
00:25:10]} {[%emt 00:05:30]} Qb8 {[%clk 01:01:36]} {[%emt 00:05:45]} 28. Bd5
{[%clk 00:17:02]} {[%emt 00:08:39]} Qb1+ {[%clk 01:01:59]} {[%emt 00:00:06]} 29.
Kg2 {[%clk 00:17:16]} {[%emt 00:00:17]} Qf5 {[%clk 01:01:50]} {[%emt 00:00:39]}
30. f4 {[%clk 00:11:49]} {[%emt 00:05:56]} g5 {[%clk 00:59:52]} {[%emt
00:02:28]} 31. e4 {[%clk 00:09:36]} {[%emt 00:02:44]} Nxf4+ {[%clk 00:59:06]}
{[%emt 00:01:16]} 32. gxf4 {[%clk 00:09:47]} {[%emt 00:00:19]} Qg4+ {[%clk
00:59:31]} {[%emt 00:00:05]} 33. Kf2 {[%clk 00:07:25]} {[%emt 00:02:52]} Qxf4+
{[%clk 00:59:50]} {[%emt 00:00:11]} 34. Ke2 {[%clk 00:07:38]} {[%emt 00:00:16]}
Qg4+ {[%clk 00:59:53]} {[%emt 00:00:28]} 35. Kd2 {[%clk 00:04:49]} {[%emt
00:03:20]} Qf4+ {[%clk 00:59:58]} {[%emt 00:00:24]} 36. Kc2 {[%clk 00:04:10]}
{[%emt 00:01:08]} Qxh2+ {[%clk 01:00:18]} {[%emt 00:00:11]} 37. Kb3 {[%clk
00:04:08]} {[%emt 00:00:33]} Qg3+ {[%clk 01:00:31]} {[%emt 00:00:16]} 38. Bc3
{[%clk 00:02:05]} {[%emt 00:02:34]} Qf3 {[%clk 01:00:45]} {[%emt 00:00:15]} 39.
e6 {[%clk 00:01:41]} {[%emt 00:00:53]} h5 {[%clk 01:00:29]} {[%emt 00:00:47]}
40. exf7+ {[%clk 00:01:56]} {[%emt 00:00:16]} Kh7 {[%clk 01:00:50]} {[%emt
00:00:08]} 41. Qd4 {[%clk 00:29:58]} {[%emt 00:02:27]} a4+ {[%clk 01:31:12]}
{[%emt 00:00:09]} 42. Kxa4 {[%clk 00:29:52]} {[%emt 00:00:36]} Kg6 {[%clk
01:31:29]} {[%emt 00:00:13]} 43. e5 {[%emt 00:04:26]} Qf1 {[%clk 01:30:50]}
{[%emt 00:01:07]} 44. Be4+ {[%clk 00:24:08]} {[%emt 00:02:20]} Kxf7 {[%clk
01:29:03]} {[%emt 00:02:17]} 45. Qd7+ {[%clk 00:24:29]} {[%emt 00:00:09]} Be7
{[%clk 01:29:13]} {[%emt 00:00:20]} 46. e6+ {[%clk 00:24:54]} {[%emt 00:00:05]}
Kf6 {[%emt 00:00:27]} 1-0